Online Catalogue and eLibrary

Corruption in south Asia : (Record no. 2782)

MARC details
000 -LEADER
fixed length control field 00562nam a2200205Ia 4500
005 - DATE AND TIME OF LATEST TRANSACTION
control field 20240531013858.0
008 - FIXED-LENGTH DATA ELEMENTS--GENERAL INFORMATION
fixed length control field 240331s9999 xx 000 0 und d
020 ## - INTERNATIONAL STANDARD BOOK NUMBER
ISBN 9555800650
082 ## - DDC Classification
Item Number - Author Mark COR
Class No. 340.5
245 #0 - TITLE STATEMENT
Title Corruption in south Asia :
Remainder of title India, Pakistan and Sri Lanka
250 ## - EDITION STATEMENT
Edition statement 1 st
260 ## - PUBLICATION, DISTRIBUTION, ETC.
Place of publication, distribution, etc. Kandy
Name of publisher, distributor, etc. International Centre for Ethinic Studies
Date of publication, distribution, etc. 2002
300 ## - PHYSICAL DESCRIPTION
Extent (e.g. Volumes, Pages etc.) 372 p .,
650 ## - SUBJECT ADDED ENTRY--TOPICAL TERM
Topical term or geographic name entry element Political
650 ## - SUBJECT ADDED ENTRY--TOPICAL TERM
Topical term or geographic name entry element Social
700 ## - ADDED ENTRY--PERSONAL NAME
Personal name Silva, De K.M
Relator term (Role) Editor
700 ## - ADDED ENTRY--PERSONAL NAME
Personal name Samarasinghe, A. De S W R
Relator term (Role) Editor
700 ## - ADDED ENTRY--PERSONAL NAME
Personal name Peiris, G.H
Relator term (Role) Editor
942 ## - Koha item type (Biblio)
Koha item type Books in Stacks (Lending)
Holdings
Lost status Damaged status Collection code Home library Current library Shelving location Date acquired Full call number Accession Number Item type
    Lending WERC Library WERC Library Social Science Cupboard 03/31/2024 340.5 COR 5586 Books in Stacks (Lending)

© WERC Library